İmanuel Kant (Record no. 5066)

MARC details
000 -BAŞLIK
Sabit Uzunlukta Kontrol Alanı 00856na a2200277 4500
001 - KONTROL NUMARASI
Denetim Alanı 12950
003 - KONTROL NUMARASI IDENTIFIER
Denetim Alanı MIRAKIL
005 - SON İŞLEM TARİHİ VE ZAMANI
Denetim Alanı 20181213155026.0
008 - SABİT-BOY VERİ ELEMANLARI - GENEL BİLGİLER
Sabit Uzunlukta Kontrol Alanı 160922b tu 000 0
020 ## - ULUSLARARASI STANDART KİTAP NUMARASI
Uluslararası Standart Kitap Numarası 9786053602873
035 ## - SİSTEM KONTROL NUMARASI
Sistem Kontrol Numarası 12950
040 ## - KATALOGLAMA KAYNAK
Orijinal Kataloglama Ajansı Milas
Kataloglama Dili tur
Metne Dönüştürmek Ajansı TR-AnCHP
082 ## - DEWEY ONLU SINIFLANDIRMA NUMARASI
Sınıflandırma Numarası 193
Ürün Numarası K83i 2011
090 ## - SINIFLAMA NUMARASI
Sınıflama Numarası 193 K83i 2011
100 ## - ANA GİRİŞ - KİŞİSEL İSİM
Kişisel Ad Kuehn, Manfred
245 ## - BAŞLIK TABLOSU
Başlık İmanuel Kant
Sorumluluk Tablosu, Vb Manfred Kuehn; çeviren Bülent O. Doğan
260 ## - YAYIN, DAĞITIM, VB
Yayın, Dağıtım, Vb Yeri İstanbul
Yayıncı, Dağıtıcı, Vs Adı Türkiye iş bankası kültür yayınları
Yayın, Dağıtım, Vb Tarihi 2011
300 ## - FİZİKSEL TANIM
Kapsam 535 s.
Boyutlar 24 sm.
490 ## - SERİSİ TABLOSU
Seri Beyanı Türkiye İş Bankası Kültür yayınları
Hacim / Ardışık Tanımı 2663
504 ## - KAYNAKÇA VB NOT
Kaynakça Vb Notu Kaynakça ve dizin var.
600 ## - KONU KATMA GİRİŞ - KURUMSAL ADI
Kişisel Ad Kant, Immanuel
Bir Adıyla İlişkilendirilen Tarihler 1724-1804
650 ## - KONU KATMA GİRİŞ - TOPİKAL DÖNEM
Topikal Süreli Veya Coğrafi Ad Giriş Elemanı Filozoflar
Genel Alt Bölümü Yaşamöyküsü
Kronolojik Alt Bölümü 18. yüzyıl
Coğrafi Alt Bölümü Almanya
650 ## - KONU KATMA GİRİŞ - TOPİKAL DÖNEM
Topikal Süreli Veya Coğrafi Ad Giriş Elemanı Alman felsefesi
Genel Alt Bölümü 18. yüzyıl
700 ## - KATMA GİRİŞ - KİŞİSEL İSİM
Kişisel Ad Doğan, Bülent O.
942 ## - EKLENDİ GİRİŞ ELEMANLARI (KOHA)
Sınıflandırma Veya Raf Düzeni Kaynak Dewey Decimal Classification
Koha Öğesi Türü Books
999 ## - SİSTEM KONTROL NUMARALARI (KOHA)
Koha Biblionumber 5066
Koha Biblioitemnumber 5066
Holdings
Kalıcı Konum Mevcut Konum Edinme Tarihi Edinim Kaynak Toplam Check-Out'Lar Tam Çağrı Numarası Barkod Tarih Son Görülme İtibaren Geçerli Fiyatlar Koha Öğesi Türü
CHP Kütüphanesi CHP Kütüphanesi 08/03/2016 Bağış   193 K83i 2011 000260 08/03/2016 08/03/2016 Books